| 000 | nam a22 a 4500 | ||
|---|---|---|---|
| 999 |
_c745 _d745 |
||
| 003 | AKMAL | ||
| 005 | 20170505091454.0 | ||
| 008 | 170505s2000 my 00 may d | ||
| 020 |
_a9830992276 (kkt.): _cRM20.00 |
||
| 040 | _aAKMAL | ||
| 082 | 0 | 4 |
_a297.1225 BAI _221 |
| 090 | 0 | 0 |
_a297.1225 _bBAI |
| 245 | 0 | 0 |
_aMajmu' Syarif : _bjalan menuju bahagia dunia & akhirat / _c[penyusun Muhammad Baihaqi] |
| 260 |
_aKuala Lumpur : _bAl-Hidayah Publishers, _c2000 |
||
| 300 | 0 | 0 |
_a406ms : _bil. ; _c21cm |
| 500 | _aMengandungi ayat-ayat dari Quran | ||
| 650 | 0 |
_aKoran _xReading _91606 |
|
| 650 | 0 |
_aKoran _xHermeneutics _91607 |
|
| 650 | 0 |
_aIslam _vPrayers and devotions _91608 |
|
| 700 | 0 |
_aMuhammad Baihaqi _91331 |
|
| 740 | 0 | 2 | _aMajmu' syarif: jalan menuju bahagia dunia dan akhirat |
| 942 |
_2ddc _cBOOK |
||